Evaluating the role of biopriming and nanopriming to mitigate drought stress in cicer arietinum (Record no. 393753)

MARC details
000 -LEADER
fixed length control field 00529nam a22001817a 4500
005 - DATE & TIME
control field 20251031111556.0
008 - FIXED-LENGTH DATA ELEMENTS--GENERAL INFORMATION
fixed length control field 251031b |||||||| |||| 00| 0 eng d
040 ## - CATALOGING SOURCE
Original cataloging agency VIVEKANANDA LIBRARY
082 ## - DDC NUMBER
Classification number 576
Book Number S58E
100 ## - MAIN ENTRY--PERSONAL NAME
Personal name Simran Rani
245 ## - TITLE STATEMENT
Title Evaluating the role of biopriming and nanopriming to mitigate drought stress in cicer arietinum
260 ## - PUBLICATION, DISTRIBUTION, ETC. (IMPRINT)
Name of publisher, distributor, etc Department of Microbiology, M D University, Rohtak
Date of publication, distribution, etc 2025
300 ## - PHYSICAL DESCRIPTION
Pages xxi, 162
650 ## - Subject
Subject Microbiology
650 ## - Subject
Subject Biopriming
700 ## - Added Entry Personal Name
Added Entry Personal Name Suneja, Pooja
942 ## - ADDED ENTRY ELEMENTS (KOHA)
Koha item type Thesis
Holdings
Withdrawn status Lost status Source of classification or shelving scheme Damaged status Not for loan Location (home branch) Sublocation or collection (holding branch) Shelving location Date acquired Koha issues (times borrowed) Koha full call number Accession No. Koha date last seen Copy number Koha item type
    Dewey Decimal Classification     VIVEKANANDA LIBRARY VIVEKANANDA LIBRARY Vivekananda Library 31/10/2025   576 S58E 411232 31/10/2025 R Thesis
© Designed and Maintained by Vivekananda Library, MDU Rohtak